Southville International School and Colleges
Your cart is empty.
  • Cart
  • Lists
    Public lists Eva Luna New books Lux_list list_1
    Your lists Log in to create your own lists
  • Log in to your account
  • Your cookies
  • Search history
Southville International School and Colleges
  • Advanced search
  • Recent comments
  • Most popular
  • Libraries

Log in to your account

Log in with GOOGLE


If you do not have an external account, but do have a local account, you can still log in:

  1. Home
  2. MARC view: English expressions (Sec 1) S/E and N(A) /
Normal view MARC view ISBD view

English expressions (Sec 1) S/E and N(A) / (Record no. 288861)

[ view plain ]
MARC details
000 -LEADER
fixed length control field 00573nam a22001937a 4500
003 - CONTROL NUMBER IDENTIFIER
control field OSt
005 - DATE AND TIME OF LATEST TRANSACTION
control field 20151014160027.0
008 - FIXED-LENGTH DATA ELEMENTS--GENERAL INFORMATION
fixed length control field 130919t xxu||||| |||| 00| 0 eng d
020 ## - INTERNATIONAL STANDARD BOOK NUMBER
International Standard Book Number 9780195886832
050 ## - LIBRARY OF CONGRESS CALL NUMBER
Classification number PE 1591
Item number .D261 2008
082 ## - DEWEY DECIMAL CLASSIFICATION NUMBER
Classification number HS 428
Item number D29 2002
100 ## - MAIN ENTRY--PERSONAL NAME
Personal name Davis, Colin
9 (RLIN) 20915
245 ## - TITLE STATEMENT
Title English expressions (Sec 1) S/E and N(A) /
Statement of responsibility, etc Colin Davis.
260 ## - PUBLICATION, DISTRIBUTION, ETC. (IMPRINT)
Place of publication, distribution, etc Singapore :
Name of publisher, distributor, etc Marshall Cavendish Education,
Date of publication, distribution, etc 2008.
300 ## - PHYSICAL DESCRIPTION
Extent 289 pages :
Other physical details color illustrations ;
Dimensions 28 cm.
650 ## - SUBJECT ADDED ENTRY--TOPICAL TERM
Topical term or geographic name as entry element English.
9 (RLIN) 16954
942 ## - ADDED ENTRY ELEMENTS (KOHA)
Source of classification or shelving scheme Library of Congress Classification
Koha item type Books
Call number prefix Foreign
Holdings
Withdrawn status Lost status Source of classification or shelving scheme Damaged status Home library Current library Shelving location Date acquired Source of acquisition Sub Shelving location Total Checkouts Full call number Barcode Date last seen Price effective from Koha item type
    Library of Congress Classification   College Library College Library General Circulation Section 10/14/2015 Donation     PE 1591 .D261 2008 C20198 05/15/2018 10/14/2015 Books

English expressions (Sec 1) S/E and N(A) /

APA

Davis C., . (2008). English expressions (Sec 1) S/E and N(A). Singapore: Marshall Cavendish Education.

Chicago

Davis Colin, . 2008. English expressions (Sec 1) S/E and N(A). Singapore: Marshall Cavendish Education.

Harvard

Davis C., . (2008). English expressions (Sec 1) S/E and N(A). Singapore: Marshall Cavendish Education.

MLA

Davis Colin, . English expressions (Sec 1) S/E and N(A). Singapore: Marshall Cavendish Education. 2008.

  • Place hold
  • Print
  • Cite
  • Add to your cart (remove)
  • Save record
    BIBTEX Dublin Core MARCXML MARC (non-Unicode/MARC-8) MARC (Unicode/UTF-8) MARC (Unicode/UTF-8, Standard) MODS (XML) RIS
  • More searches
    Search for this title in:
    Other Libraries (WorldCat) Other Databases (Google Scholar) Online Stores (Bookfinder.com) Open Library (openlibrary.org)

Exporting to Dublin Core...

SOUTHVILLE LIBRARY

Southville International School and Colleges Library

1281 Tropical Ave. Cor. Luxembourg St., BF Homes International, Las Pinas City

Tel. No. 8256374 / 252358 Loc. 117/146

Powered by Koha